| 000 | 00721nam a2200241 a 4500 | ||
|---|---|---|---|
| 001 | BRCA_5842 | ||
| 005 | 20190320205233.0 | ||
| 008 | 140311t1953----mx-#######---#100-0#spa-# | ||
| 041 | _aspa | ||
| 044 | _amx | ||
| 050 | 4 |
_aHJ2057 _b.M35 _c1953 |
|
| 100 | 1 |
_aMancera Ortiz, Rafael. _914698 |
|
| 245 | 1 | 0 | _aEl presupuesto como estabilizador del desarrollo económico. |
| 260 |
_aMéxico _bIX Congreso Internacional de Ciencias Administrativas _c1953 |
||
| 300 |
_a15 p. _c28 cm. |
||
| 500 | _aDocumento mecanografiado. | ||
| 500 | _aH103 | ||
| 650 | 1 | 4 |
_aPresupuesto _zMéxico _914794 |
| 650 | 1 | 4 |
_aDesarrollo Económico _914795 |
| 651 | 4 |
_aMéxico _vCondiciones económicas. _910038 |
|
| 902 | _aGFM | ||
| 942 |
_2lcc _cB |
||
| 999 |
_c5531 _d5531 |
||